000 04269cam a22012374i 4500
003 PE-LiUPU
005 20250813185553.0
008 150706s r 000 0 d
020 _a8496169812
035 _a(Sirsi) i9788496169814
040 _aPE-LiUPU
_bspa
_cPE-LiUPU
_erda
049 _aPRUA
082 0 4 _a362.1102
_bM28
_221
100 1 _aMateo Floría, Pedro,
_eautor.
245 1 0 _aManual para el técnico en prevención de riesgos laborales /
_cPedro Mateo Floría, Agustín González Ruiz y Diego González Maestre .
250 _a5a ed.
264 1 _aMadrid :
_bFundación Confemetal ,
_c[2006].
300 _apáginas 765-1489 :
_bilustraciones ;
_c23 cm.
336 _atext
_2rdacontent
337 _aunmediated
_2rdamedia
338 _avolume
_2rdacarrier
500 _aDatos de edición del volumen I.
505 0 _aHigiene Industrial 5. Agentes físicos: Ruido -- Real Decreto 1316/1989 -- Fundamentos de acústica (I) -- Fundamentos de acústica (II) -- Efectos de la exposición -- Evaluación y medición -- Control de la exposición (I) -- Control de la exposición (II) -- Higiene industrial 6. agentes físicos: ambiente térmico -- Higiene industrial 7. Agentes físicos: vibraciones -- Higiene industrial 8. Agentes físicos: radiaciones -- Higiene industrial 9. Agentes biológicos -- Higiene industrial 10. Residuos peligrosos -- Ergonomía y Psicosociología 1. Conceptos y objetivos -- Ergonomía y Psicosociología 2. Carga física -- Ergonomía y Psicosociología 3. Carga mental -- Ergonomía y Psicosociología 4. Factoes ambientales. Iluminación -- Ergonomía y Psicosociología 5. Factores ambientales. Calidad del aire interior -- Ergonomía y Psicosociología 6. Concepción y diseño del puesto de trabajo -- Ergonomía y Psicosociología 7. Puestos de trabajo con pantallas de visualización de datos (PVD) -- Ergonomía y Psicosociología 8. Psicosociología aplicada -- Gestión de la prevención de riesgos laborales 1. Evaluación de riesgos -- Gestión de la prevención de riesgos laborales 2 -- Gestión de la prevención de riesgos laborales 3.
526 _aP202
526 _aP201
526 _aP163
526 _aP162
526 _aP161
526 _aP160
526 _aP148
526 _aP147
526 _aP146
526 _aP145
526 _aP144
526 _aP143
526 _aP142
526 _aP141
526 _aP140
526 _aP139
526 _aP138
526 _aP137
526 _aP136
526 _aP135
526 _aP134
526 _aP133
526 _aP129
526 _aP128
526 _aP127
526 _aP120
526 _aP119
526 _aP118
526 _aP116
526 _aP115
526 _aP114
526 _aP110
526 _aP109
526 _aP108
526 _aP104
526 _aP103
526 _aP102
526 _aP99
526 _aP98
526 _aP97
526 _aP96
526 _aP95
526 _aP93
526 _aP90
526 _aP89
526 _aP88
526 _aP83
526 _aP82
526 _aP62
526 _aP59
526 _aP58
526 _aP57
526 _aP51
526 _aP49
526 _aP48
526 _aP47
526 _aP29
526 _aP24
526 _aP20
526 _aP19
526 _aP17
526 _aP15
526 _aP14
526 _aP12
526 _aP10
526 _aP09
526 _aP08
526 _aP07
526 _aP06
526 _aP05
526 _aP04
526 _aP01
541 _g001-001275;
650 0 4 _aSeguridad industrial.
_933
700 1 _aGonzález Ruiz, Agustín,
_eautor.
700 1 _aGonzález Maestre, Diego,
_eautor.
910 _agl
_bjv
_clch
_d20100414
942 _2ddc
_cBOOK
949 _a362.1102 M28 2
_wDEWEY
_c1
_i61321
_lCCODEBUL1
_mBUL
_p62.00
_r0
_sY
_tLIBRO
_u2015-07-06
_xINGENIERIA
_PP24
_o.STAFF. Colección General
994 _aC0
_bPEPRU
596 _a1
999 _a362.1102 M28 2
_wDEWEY
_c50584
_i61321
_d50584
_f2021-11-5
_g7
_lCCODEBUL1
_mBUL
_p62.00
_q1
_r0
_sY
_tBOOK
_u2015-7-6
_xBIBLIOTECA
_PP24
_0COMPRA
_o.STAFF. Colección General
980 _81
_gALBERTO SANCHEZ Responsable de Automatización